British army NATO ranks by insignia Quiz Stats

Quiz not verified by Sporcle

Challenge
Share
Tweet
Score 0/12 Timer 03:00
0 Plays Today
% Correct
Major
93.3%
Captain
91.1%
Colonel
86.7%
Major-General
86.7%
Brigadier
84.4%
Field Marshal
84.4%
Lieutenant-Colonel
82.2%
General
82.2%
Lieutenant
80%
Second Lieutenant
77.8%
Lieutenant-General
77.8%
Officer Cadet
68.9%

You're not logged in!

Compare scores with friends on all Sporcle quizzes.
Sign Up with Email
OR
Log In

You Might Also Like...

Show Comments

Extras

Top Quizzes Today


Score Distribution

Your Account Isn't Verified!

In order to create a playlist on Sporcle, you need to verify the email address you used during registration. Go to your Sporcle Settings to finish the process.

Report this User

Report this user for behavior that violates our Community Guidelines.

Details: